000 00999nam a2200217 a 4500
008 090219s2006 ||||||||||||||||| || u
020 _a0761944494
050 _aHM 26 Lay
100 _aLayder, Derek
245 1 0 _aUnderstanding social theory. (2nd ed.)
_cDerek Layder
250 _a2nd ed.
260 _aLondon:
_bSAGE Publications Ltd
_c2006
260 _aLondon:
_bSAGE Publications
_c2006
300 _ax, 326p.
350 _a0.00
650 0 _aSOCIOLOGY
650 _aSOCIOLOGY--PHILOSOPHY
995 _aMAIN LIBRARY OPEN ACCESS
_e747237
_FCBU-MAIN LIBRARY (Kitwe)
_I0.00
_jHM 26 Lay
_M2
_UAVAILABLE
_WNov 15, 2016
_y747237
_ZMain Library Open Access Collection
995 _aMAIN LIBRARY OPEN ACCESS
_e747625
_FCBU-MAIN LIBRARY (Kitwe)
_I0.00
_jHM 26 Lay
_M3
_UAVAILABLE
_WFeb 24, 2017
_y747625
_ZMain Library Open Access Collection
995 _aANNEX COLLECTION (Main Library)
_D0.00
_e739648
_FCBU-MAIN LIBRARY (Kitwe)
_H1
_I0.00
_jHM 26 LAY
_M1
_UAVAILABLE
_WFeb 19, 2009
_y739648
_ZAnnex Low-Usage Collection
999 _c78479
_d78479